[Event "NAYCC U16"]
[Site "Kingston CAN"]
[Date "2019.08.19"]
[Round "7.163"]
[White "Wei, Daniel"]
[Black "Yang, Brian"]
[Result "0-1"]
[WhiteElo "1788"]
[BlackElo "1626"]
[PlyCount "124"]
[EventDate "2019.08.16"]
[EventType "swiss"]
[EventRounds "9"]
[EventCountry "CAN"]

1. c4 c5 2. Nf3 Nc6 3. g3 g6 4. Bg2 Bg7 5. O-O e6 6. e4 Nge7 7. Nc3 O-O 8. d3
Rb8 9. a3 a6 10. Be3 Nd4 11. Bxd4 cxd4 12. Ne2 e5 13. Ng5 h6 14. Nh3 d6 15. f4
Be6 16. b3 Qd7 17. Nf2 b5 18. Rb1 a5 19. Qd2 a4 20. Rfc1 axb3 21. Rxb3 bxc4 22.
Rxb8 Rxb8 23. dxc4 Qa4 24. c5 dxc5 25. Rxc5 Qxa3 26. Nd3 Rb3 27. Nec1 Rc3 28.
Rxc3 dxc3 29. Qc2 exf4 30. gxf4 Bd4+ 31. Kh1 Bc4 32. Bf1 Nc6 33. Ne2 Bb3 34.
Qc1 Qxc1 35. Ndxc1 Bd1 36. Nxd4 Nxd4 37. Bc4 Bf3+ 38. Kg1 Bxe4 39. Kf2 Nf5 40.
Ke1 Kg7 41. Ne2 c2 42. Kd2 Nh4 43. Ke3 f5 44. Kf2 Ng2 45. Kg3 Ne1 46. Nc1 Nf3
47. Bb3 Nd4 48. Bc4 Kf6 49. Kf2 Ke7 50. h4 Kd6 51. Bf7 Kc5 52. Bxg6 Kb4 53. Bf7
Kc3 54. Ke3 Kb2 55. Kxd4 Kxc1 56. Bb3 Kd2 57. Bxc2 Bxc2 58. Ke5 Ke3 59. Kf6
Kxf4 60. Kg6 Kg4 61. h5 f4+ 62. Kxh6 f3 0-1

[Event "NAYCC U16"]
[Site "Kingston CAN"]
[Date "2019.08.19"]
[Round "7.164"]
[White "Ju, Lawrence"]
[Black "Wang, Elon"]
[Result "0-1"]
[WhiteElo "1764"]
[BlackElo "1601"]
[PlyCount "76"]
[EventDate "2019.08.16"]
[EventType "swiss"]
[EventRounds "9"]
[EventCountry "CAN"]

1. d4 d5 2. c4 c6 3. Nc3 dxc4 4. e4 b5 5. Nf3 Nf6 6. Qc2 Bg4 7. Be3 e6 8. Be2
Nbd7 9. O-O Bb4 10. a4 Bxc3 11. bxc3 a6 12. h3 Bh5 13. Bg5 Qc8 14. Rfd1 O-O 15.
Bf4 Bg6 16. Nd2 c5 17. Bd6 Rd8 18. axb5 axb5 19. Rxa8 Qxa8 20. dxc5 Nxe4 21.
Nxe4 Bxe4 22. Qb2 Qc6 23. Qb4 Ra8 24. f3 Ra4 25. Qb2 Bg6 26. Kh1 h6 27. Qd2
Nxc5 28. Bxc5 Qxc5 29. Qd8+ Kh7 30. Qb8 Bd3 31. Bxd3+ cxd3 32. Rxd3 Ra1+ 33.
Kh2 Qg1+ 34. Kg3 Ra2 35. Qxb5 Qxg2+ 36. Kf4 e5+ 37. Ke4 Qe2+ 38. Kd5 Rd2 0-1

[Event "NAYCC U16"]
[Site "Kingston CAN"]
[Date "2019.08.19"]
[Round "7.165"]
[White "Chin, Jonathan"]
[Black "Ning, Alwin"]
[Result "1-0"]
[WhiteElo "1921"]
[BlackElo "1476"]
[PlyCount "133"]
[EventDate "2019.08.16"]
[EventType "swiss"]
[EventRounds "9"]
[EventCountry "CAN"]

1. e4 e5 2. Nf3 Nc6 3. Bc4 Bc5 4. O-O Nf6 5. d3 h6 6. h3 d6 7. c3 O-O 8. Re1
Re8 9. a4 a5 10. Nbd2 Ne7 11. Qb3 Rf8 12. Nf1 Ng6 13. Ng3 Bb6 14. d4 Qe8 15.
Be3 exd4 16. Bxd4 Bxd4 17. cxd4 b6 18. e5 dxe5 19. dxe5 Nh7 20. Qc2 Be6 21.
Bxe6 Qxe6 22. Qxc7 Rac8 23. Qd6 Qxd6 24. exd6 Rfd8 25. Rad1 Nf6 26. Nf5 Re8 27.
Ne7+ Nxe7 28. Rxe7 Rcd8 29. Rc7 Rd7 30. Rc6 Rb7 31. Rc7 Rbb8 32. d7 Red8 33.
Ne5 Kf8 34. Nc6 Ra8 35. Nxd8 Rxd8 36. Rd6 Ke7 37. Rd3 Rxd7 38. Rcxd7+ Nxd7 39.
Rg3 g6 40. Kf1 Nc5 41. b3 Ke6 42. Ke2 g5 43. Kd1 f5 44. Re3+ Kd5 45. Kc2 Ne6
46. g3 f4 47. gxf4 Nxf4 48. Kc3 Kc5 49. Re5+ Kd6 50. Re8 Nxh3 51. Rh8 Nxf2 52.
Rxh6+ Kc5 53. Rh5 Ne4+ 54. Kd3 Nd6 55. Rxg5+ Kc6 56. Kd4 b5 57. Rc5+ Kb6 58.
Kd5 bxa4 59. Rc6+ Kb5 60. bxa4+ Kxa4 61. Rxd6 Ka3 62. Rb6 a4 63. Kc4 Ka2 64.
Kc3 a3 65. Kc2 Ka1 66. Rh6 Ka2 67. Rh3 1-0

[Event "NAYCC U16"]
[Site "Kingston CAN"]
[Date "2019.08.19"]
[Round "7.166"]
[White "Parsheh, Arshia"]
[Black "Bilodeau-Savaria, Carl-William"]
[Result "1/2-1/2"]
[WhiteElo "1608"]
[BlackElo "1447"]
[PlyCount "87"]
[EventDate "2019.08.16"]
[EventType "swiss"]
[EventRounds "9"]
[EventCountry "CAN"]

1. d4 e6 2. c4 d5 3. Nc3 Nf6 4. cxd5 exd5 5. Bg5 Be7 6. Qc2 h6 7. Bh4 O-O 8. e3
b6 9. Nf3 Na6 10. Qa4 Nb8 11. Bb5 Bd7 12. Bxf6 Bxf6 13. Bxd7 Nxd7 14. Nxd5 c5
15. Nxf6+ Nxf6 16. O-O cxd4 17. Nxd4 Qe7 18. Rfc1 Rfc8 19. Qa6 Qd7 20. Qb5
Rxc1+ 21. Rxc1 Rc8 22. Rxc8+ Qxc8 23. Qc6 Qa6 24. a3 Qa5 25. g3 Qd2 26. Qc8+
Kh7 27. Qc2+ Qxc2 28. Nxc2 Kg6 29. Nd4 Ne4 30. Nb5 a5 31. a4 Nc5 32. Nc3 Nd3
33. b3 Nc5 34. Nd5 Nxb3 35. Nxb6 Nc5 36. Nc4 Nxa4 37. Nxa5 Nc5 38. Kg2 Kf5 39.
h4 g5 40. hxg5 hxg5 41. Nc6 Nd3 42. Kf3 g4+ 43. Kg2 Ke4 44. Nd4 1/2-1/2

[Event "NAYCC U16"]
[Site "Kingston CAN"]
[Date "2019.08.19"]
[Round "7.167"]
[White "Ramesh, Sanjay"]
[Black "Lam, Eric"]
[Result "1/2-1/2"]
[WhiteElo "1531"]
[BlackElo "1093"]
[PlyCount "122"]
[EventDate "2019.08.16"]
[EventType "swiss"]
[EventRounds "9"]
[EventCountry "CAN"]

1. d4 d5 2. c4 c6 3. Nc3 Nf6 4. Nf3 e6 5. Bf4 Nbd7 6. e3 Be7 7. Bd3 dxc4 8.
Bxc4 b5 9. Bd3 b4 10. Ne4 Nd5 11. Bg3 Bb7 12. Qc2 Rc8 13. Nd6+ Bxd6 14. Bxd6
Qa5 15. O-O Ba6 16. Bxa6 Qxa6 17. e4 c5 18. Bxc5 Nxc5 19. dxc5 Ne7 20. a3 Qb7
21. Qa4+ Nc6 22. axb4 Qxb4 23. Qxb4 Nxb4 24. Rxa7 O-O 25. Ra4 Rb8 26. Ra3 Nc6
27. Rb1 Rb5 28. Rc3 Rfb8 29. b3 Rb4 30. Nd2 Rd8 31. Nc4 Nd4 32. Kf1 Kf8 33. Nb6
Ke7 34. f3 g6 35. Nc4 Rdb8 36. Nd2 Kd7 37. Ra1 Nxb3 38. Nxb3 Rxb3 39. Ra7+ Ke8
40. Rxb3 Rxb3 41. Kf2 Rc3 42. Rc7 e5 43. Kg3 h6 44. h3 Rc2 45. h4 h5 46. Kh3
Rc3 47. Kg3 Rc2 48. Kh2 Rc3 49. Kh3 Kf8 50. Kh2 Rc2 51. c6 Ke8 52. Kh3 Rc3 53.
Kg3 Rc2 54. Kh2 Kf8 55. Rd7 Rxc6 56. Kh3 Kg7 57. g4 hxg4+ 58. Kxg4 Rf6 59. Rd5
Rf4+ 60. Kg3 f6 61. Rd7+ Kh6 1/2-1/2

[Event "NAYCC U16"]
[Site "Kingston CAN"]
[Date "2019.08.19"]
[Round "7.168"]
[White "Cao, Bruce"]
[Black "Liao, Joseph"]
[Result "1/2-1/2"]
[WhiteElo "1359"]
[BlackElo "1694"]
[PlyCount "122"]
[EventDate "2019.08.16"]
[EventType "swiss"]
[EventRounds "9"]
[EventCountry "CAN"]

1. e4 e6 2. d4 d5 3. exd5 exd5 4. Nc3 c6 5. a3 Bd6 6. Bd3 Ne7 7. Nf3 O-O 8. h3
Bf5 9. O-O Nd7 10. Bg5 f6 11. Bh4 Bxd3 12. Qxd3 Ng6 13. Rfe1 Qc7 14. Ne2 Rfe8
15. Ng3 Nf4 16. Qd2 g6 17. b3 c5 18. Nf1 Kg7 19. Ne3 Nb6 20. a4 a5 21. Bg3 Qd7
22. dxc5 Nxh3+ 23. gxh3 Bxc5 24. Kg2 d4 25. Ng4 Rxe1 26. Rxe1 Qc6 27. Qh6+ Kg8
28. Bh4 Nd7 29. Kg3 Bf8 30. Qc1 g5 31. Nxf6+ Nxf6 32. Qxg5+ Bg7 33. Kh2 Qxf3
34. Rg1 Nh5 35. Rg4 Qf7 36. Rxd4 Kh8 37. Rd5 Qf4+ 38. Qxf4 Nxf4 39. Rb5 Rc8 40.
c4 Nd3 41. Rxb7 Nc5 42. Rb5 Bc3 43. Be7 Bb4 44. f4 Kg7 45. f5 Kf7 46. f6 Nxb3
47. Bxb4 axb4 48. Rxb4 Na5 49. Rb5 Nxc4 50. a5 Nxa5 51. Rxa5 Kxf6 52. Kg3 Rc4
53. Rb5 Ra4 54. Rc5 Rb4 55. Rc6+ Kf5 56. Rh6 Rb3+ 57. Kf2 Rb7 58. Kg3 Kg5 59.
Ra6 Rb3+ 60. Kf2 Rxh3 61. Kg2 Rb3 1/2-1/2

[Event "NAYCC U16"]
[Site "Kingston CAN"]
[Date "2019.08.19"]
[Round "7.169"]
[White "Wang, Alex"]
[Black "Kochetkov, Maxim"]
[Result "1-0"]
[WhiteElo "770"]
[BlackElo "1416"]
[PlyCount "131"]
[EventDate "2019.08.16"]
[EventType "swiss"]
[EventRounds "9"]
[EventCountry "CAN"]

1. e4 c5 2. Nf3 d6 3. d4 cxd4 4. Nxd4 Nf6 5. Nc3 a6 6. Be3 e6 7. f3 Be7 8. Qd2
Nc6 9. O-O-O Bd7 10. Kb1 Rc8 11. g4 O-O 12. g5 Ne8 13. h4 b5 14. h5 Nxd4 15.
Bxd4 Bxg5 16. f4 Bh6 17. Rg1 Qc7 18. a3 Qa5 19. Rg3 f6 20. Be3 Kh8 21. Bh3 Rf7
22. Rdg1 f5 23. exf5 exf5 24. Bd4 Nf6 25. Bxf6 Rxf6 26. Rd3 Rcf8 27. Rxd6 Be8
28. Rxf6 Rxf6 29. Qe2 Bf7 30. Re1 Re6 31. Qd2 Bxf4 32. Qf2 Rxe1+ 33. Qxe1 Bxh5
34. Qh4 b4 35. Qxh5 g6 36. Qf3 bxc3 37. Qxf4 Qb6 38. Qe5+ Kg8 39. Qxc3 Kf7 40.
Qc4+ Qe6 41. Qc7+ Qe7 42. Qc4+ Qe6 43. Qc7+ Qe7 44. Qxe7+ Kxe7 45. Kc1 Kd6 46.
Kd2 Kd5 47. Ke3 Ke5 48. c4 a5 49. b4 f4+ 50. Kd3 g5 51. bxa5 Kd6 52. Ke4 h5 53.
Kf5 g4 54. Bxg4 hxg4 55. Kxg4 Kc6 56. Kxf4 Kb7 57. Ke5 Ka6 58. Kd6 Kxa5 59. c5
Ka4 60. c6 Kxa3 61. c7 Kb3 62. c8=Q Kb4 63. Kd5 Kb5 64. Qb7+ Ka4 65. Kc4 Ka3
66. Qb3# 1-0

[Event "NAYCC U16"]
[Site "Kingston CAN"]
[Date "2019.08.19"]
[Round "7.170"]
[White "Pride, Curtis"]
[Black "Jeyakumar, Yathushan"]
[Result "0-1"]
[WhiteElo "1163"]
[BlackElo "1442"]
[PlyCount "90"]
[EventDate "2019.08.16"]
[EventType "swiss"]
[EventRounds "9"]
[EventCountry "CAN"]

1. e4 c5 2. Bc4 e6 3. Nc3 Nc6 4. d3 a6 5. Nf3 Qc7 6. Qe2 b5 7. Bb3 Nge7 8. Be3
Ng6 9. O-O-O Be7 10. a3 Bb7 11. g3 O-O 12. Nd2 Na5 13. Ncb1 Nxb3+ 14. Nxb3 c4
15. dxc4 Bxe4 16. f3 bxc4 17. fxe4 cxb3 18. c3 Rfc8 19. Rd4 Bc5 20. Rc4 Bxe3+
21. Kd1 Qxc4 22. Qxc4 Rxc4 23. Ke2 Rxe4 24. Kf3 Re5 25. h4 h5 26. Rd1 d5 27.
Re1 Bc5 28. Rxe5 Nxe5+ 29. Kf4 f6 30. Nd2 Rb8 31. a4 Nd3+ 32. Kf3 Nxb2 33. Ke2
Nxa4 34. Nxb3 Rxb3 35. Kd2 Nxc3 36. Kc2 Ra3 37. Kb2 Ne4 38. Kc1 Rb3 39. Kc2 Rb4
40. Kd3 a5 41. Ke2 a4 42. Kd1 a3 43. g4 a2 44. Kc2 a1=Q 45. Kd3 Qd1# 0-1

[Event "NAYCC U16"]
[Site "Kingston CAN"]
[Date "2019.08.19"]
[Round "7.171"]
[White "Mart, Aidan"]
[Black "Vigil, Enrique"]
[Result "0-1"]
[WhiteElo "1247"]
[BlackElo "1003"]
[PlyCount "74"]
[EventDate "2019.08.16"]
[EventType "swiss"]
[EventRounds "9"]
[EventCountry "CAN"]

1. e4 c5 2. Nf3 Nc6 3. d4 cxd4 4. Nxd4 g6 5. Nc3 Bg7 6. Be3 e5 7. Nf3 a6 8. Bd3
Nge7 9. O-O d5 10. exd5 Nxd5 11. Nxd5 Qxd5 12. Be2 Qxd1 13. Raxd1 e4 14. Nd4
O-O 15. Nxc6 bxc6 16. b3 a5 17. Rd6 Bb7 18. Rfd1 a4 19. Rd7 Ba6 20. Bxa6 Rxa6
21. Bc5 axb3 22. axb3 Ra2 23. Bxf8 Bxf8 24. R1d2 h5 25. Kf1 Bh6 26. Re2 f5 27.
Rd6 Kf7 28. Rxc6 Bg7 29. Rc4 Kf6 30. Ra4 Rb2 31. b4 Kf7 32. c3 Rb3 33. Re3 Bxc3
34. b5 Kf6 35. b6 g5 36. b7 Rb1+ 37. Ke2 Re1# 0-1

[Event "NAYCC U16"]
[Site "Kingston CAN"]
[Date "2019.08.19"]
[Round "8.154"]
[White "Chen, Benjamin"]
[Black "Talukdar, Rohan"]
[Result "0-1"]
[WhiteElo "1972"]
[BlackElo "2399"]
[PlyCount "78"]
[EventDate "2019.08.16"]
[EventType "swiss"]
[EventRounds "9"]
[EventCountry "CAN"]

1. d4 Nf6 2. c4 g6 3. Nc3 d5 4. Nf3 Bg7 5. h4 c6 6. Bf4 O-O 7. e3 Bg4 8. Qb3
Bxf3 9. gxf3 Qd7 10. cxd5 cxd5 11. Be5 e6 12. Rc1 Nc6 13. Bxf6 Bxf6 14. h5 Rac8
15. hxg6 hxg6 16. Bd3 Kg7 17. f4 Rh8 18. Kd2 Qd6 19. Ne2 b6 20. Rxh8 Rxh8 21.
a3 Rh2 22. Qc2 Na5 23. b4 Nc4+ 24. Bxc4 dxc4 25. Qxc4 Rxf2 26. Rh1 Qd8 27. Qc6
a5 28. Rh3 Rf1 29. Nc1 axb4 30. axb4 Rg1 31. Ke2 Bh4 32. Nd3 Ra1 33. Rh1 Ra2+
34. Kf3 Rd2 35. Ne5 Qh8 36. Ng4 Qh5 37. Rf1 Be7 38. Qc1 Qh3+ 39. Ke4 Qg2+ 0-1

[Event "NAYCC U16"]
[Site "Kingston CAN"]
[Date "2019.08.19"]
[Round "8.155"]
[White "Chen, Alex"]
[Black "Rodrigue-Lemieux, Shawn"]
[Result "1/2-1/2"]
[WhiteElo "2034"]
[BlackElo "2199"]
[PlyCount "96"]
[EventDate "2019.08.16"]
[EventType "swiss"]
[EventRounds "9"]
[EventCountry "CAN"]

1. e4 c6 2. d4 d5 3. e5 Bf5 4. h4 h5 5. Bd3 Bxd3 6. Qxd3 e6 7. Bg5 Qb6 8. Nd2
Nd7 9. Ngf3 Nh6 10. O-O Nf5 11. c4 Be7 12. Bxe7 Nxe7 13. cxd5 cxd5 14. b4 O-O
15. Rfc1 Rac8 16. a3 Nf5 17. g3 a6 18. Nb3 Nb8 19. Rc5 Nd7 20. Rcc1 Qa7 21. a4
Nb6 22. a5 Nc4 23. Nc5 Rc6 24. Nd2 Nxd2 25. Qxd2 Rb8 26. Ra4 Rbc8 27. Kg2 R8c7
28. Rca1 Qa8 29. R4a3 Qf8 30. Re1 Qe7 31. Rd1 f6 32. f4 Qf7 33. Qe2 Qg6 34. Kh2
fxe5 35. fxe5 b6 36. axb6 Rxb6 37. Qd2 Qg4 38. Rd3 Rf7 39. Rf1 Ra7 40. Rf2 Qg6
41. Qc3 Kh7 42. Ra2 Rf7 43. Rf3 Qg4 44. Raf2 Rc6 45. Qd3 Qg6 46. Nxe6 Rxe6 47.
Rxf5 Kg8 48. Qc2 Rxf5 1/2-1/2

[Event "NAYCC U16"]
[Site "Kingston CAN"]
[Date "2019.08.19"]
[Round "8.156"]
[White "Shlyakhtenko, Robert"]
[Black "Yang, Kevin"]
[Result "1/2-1/2"]
[WhiteElo "2196"]
[BlackElo "2164"]
[PlyCount "70"]
[EventDate "2019.08.16"]
[EventType "swiss"]
[EventRounds "9"]
[EventCountry "CAN"]

1. e4 c6 2. d4 d5 3. exd5 cxd5 4. c4 Nf6 5. Nc3 g6 6. cxd5 Bg7 7. Bb5+ Nbd7 8.
d6 exd6 9. Qe2+ Qe7 10. Bf4 Qxe2+ 11. Ngxe2 Ke7 12. O-O-O Nb6 13. Rhe1 Be6 14.
Ng3 Nfd5 15. Bg5+ Bf6 16. Bxf6+ Kxf6 17. Nge4+ Ke7 18. a4 Rhc8 19. Kd2 a6 20.
Bf1 Nxc3 21. Nxc3 Kf8 22. f3 Bc4 23. b3 Be6 24. a5 Nd5 25. Ne4 Nb4 26. Rc1 Ke7
27. Nc3 Kd8 28. Na4 Rxc1 29. Rxc1 Rc8 30. Rxc8+ Kxc8 31. Nb6+ Kc7 32. Kc3 Na2+
33. Kd2 Nb4 34. Kc3 Na2+ 35. Kd2 Nb4 1/2-1/2

[Event "NAYCC U16"]
[Site "Kingston CAN"]
[Date "2019.08.19"]
[Round "8.157"]
[White "Maycock Bates, David Henry"]
[Black "Liang, Dustin"]
[Result "1/2-1/2"]
[WhiteElo "1851"]
[BlackElo "1885"]
[PlyCount "106"]
[EventDate "2019.08.16"]
[EventType "swiss"]
[EventRounds "9"]
[EventCountry "CAN"]

1. e4 c5 2. Nf3 d6 3. d4 cxd4 4. Nxd4 Nf6 5. Nc3 a6 6. Bc4 e6 7. Bb3 Nbd7 8.
Bg5 Nc5 9. Qf3 Be7 10. O-O-O h6 11. Bh4 Qc7 12. Kb1 b5 13. Rhe1 Bb7 14. Bg3 O-O
15. a3 Qb6 16. Re3 Rfd8 17. Qe2 Nxb3 18. Nxb3 d5 19. e5 Nd7 20. Bf4 Nf8 21. Rg3
Ng6 22. Be3 Qc7 23. Bd4 Bh4 24. Rf3 Be7 25. g3 Rdb8 26. Re3 Bc6 27. Bc5 a5 28.
Bxe7 Nxe7 29. Nd4 Qb6 30. b4 axb4 31. axb4 Qa6 32. Kc1 Qa3+ 33. Kd2 Qxb4 34.
Qd3 Qc4 35. Nce2 b4 36. Rb1 Bb5 37. Qxc4 Bxc4 38. Nc1 Kf8 39. Nd3 Ra4 40. Ree1
Ke8 41. Rb2 Bxd3 42. Kxd3 Kd7 43. Reb1 Nc6 44. Nxc6 Kxc6 45. c3 Kc5 46. cxb4+
Rbxb4 47. Rxb4 Rxb4 48. Rc1+ Rc4 49. Ra1 Rd4+ 50. Kc3 Re4 51. f4 Re2 52. Ra7 f6
53. Rc7+ Kb5 1/2-1/2

[Event "NAYCC U16"]
[Site "Kingston CAN"]
[Date "2019.08.19"]
[Round "8.158"]
[White "Yang, Brian"]
[Black "Zhao, Ian"]
[Result "0-1"]
[WhiteElo "1626"]
[BlackElo "2210"]
[PlyCount "68"]
[EventDate "2019.08.16"]
[EventType "swiss"]
[EventRounds "9"]
[EventCountry "CAN"]

1. e4 e5 2. Nf3 Nc6 3. d4 exd4 4. Nxd4 Bc5 5. Nxc6 Qf6 6. Qf3 dxc6 7. Nc3 Be6
8. Qg3 O-O-O 9. Be3 Bxe3 10. Qxe3 Kb8 11. Bd3 Nh6 12. h3 Rhe8 13. O-O-O Qe7 14.
Rde1 f6 15. f4 Nf7 16. Rhf1 Nd6 17. b3 Nc8 18. Kb2 Nb6 19. e5 f5 20. g4 g6 21.
gxf5 gxf5 22. Ne2 Nd5 23. Qf2 c5 24. a3 Nb6 25. Ng3 c4 26. Nxf5 Qd7 27. Nh6
cxd3 28. f5 Bg8 29. e6 Qg7+ 30. f6 Qxh6 31. f7 Bxf7 32. exf7 Rxe1 33. Rxe1 d2
34. Rd1 Qg7+ 0-1

[Event "NAYCC U16"]
[Site "Kingston CAN"]
[Date "2019.08.19"]
[Round "8.159"]
[White "Wang, Elon"]
[Black "Wang, Henry"]
[Result "0-1"]
[WhiteElo "1601"]
[BlackElo "2001"]
[PlyCount "42"]
[EventDate "2019.08.16"]
[EventType "swiss"]
[EventRounds "9"]
[EventCountry "CAN"]

1. e4 c6 2. Nc3 d5 3. Nf3 dxe4 4. Nxe4 Nf6 5. Nxf6+ exf6 6. Bc4 Bd6 7. O-O O-O
8. d4 Re8 9. c3 Bg4 10. h3 Bh5 11. Be3 Nd7 12. Qb3 Nb6 13. Nd2 f5 14. Nb1 f4
15. Bd2 Nxc4 16. Qxc4 Be2 17. Qb3 Bxf1 18. Kxf1 f3 19. gxf3 Qh4 20. Kg2 Re2 21.
Be3 Re8 0-1

[Event "NAYCC U16"]
[Site "Kingston CAN"]
[Date "2019.08.19"]
[Round "8.160"]
[White "Vasic, Maxim"]
[Black "Surya, Benito"]
[Result "1-0"]
[WhiteElo "1862"]
[BlackElo "1920"]
[PlyCount "39"]
[EventDate "2019.08.16"]
[EventType "swiss"]
[EventRounds "9"]
[EventCountry "CAN"]

1. d4 d5 2. c4 e6 3. Nc3 c5 4. cxd5 cxd4 5. Qa4+ Bd7 6. Qxd4 exd5 7. Qxd5 Nc6
8. Nf3 Nf6 9. Qb3 Bb4 10. e3 Ne4 11. Qc2 Bf5 12. Bd3 Nxc3 13. Bxf5 Nxa2+ 14.
Ke2 Nxc1+ 15. Raxc1 g6 16. Rhd1 Bd6 17. Be4 Rc8 18. Bxc6+ Rxc6 19. Qe4+ Qe7 20.
Qd4 1-0

[Event "NAYCC U16"]
[Site "Kingston CAN"]
[Date "2019.08.19"]
[Round "8.161"]
[White "Ahmed, Syed Ibrahim"]
[Black "Tinica, Gabriel"]
[Result "0-1"]
[WhiteElo "1816"]
[BlackElo "1776"]
[PlyCount "52"]
[EventDate "2019.08.16"]
[EventType "swiss"]
[EventRounds "9"]
[EventCountry "CAN"]

1. d4 Nf6 2. c4 c5 3. Nf3 cxd4 4. Nxd4 Nc6 5. Nc3 g6 6. e4 Bg7 7. Be3 Ng4 8.
Qxg4 Nxd4 9. Qd1 e5 10. Bxd4 exd4 11. Nb5 d6 12. Qd2 O-O 13. Bd3 a6 14. Na3 Be6
15. O-O Qb6 16. b4 f5 17. Rfc1 fxe4 18. Bxe4 d3 19. c5 dxc5 20. bxc5 Qb2 21.
Qxd3 Qxf2+ 22. Kh1 Bxa1 23. Rxa1 Rad8 24. Qb1 Bd5 25. h3 Bxe4 26. Qxe4 Qxc5 0-1

[Event "NAYCC U16"]
[Site "Kingston CAN"]
[Date "2019.08.19"]
[Round "8.162"]
[White "Yang, Fan"]
[Black "Chin, Jonathan"]
[Result "1/2-1/2"]
[WhiteElo "2012"]
[BlackElo "1921"]
[PlyCount "61"]
[EventDate "2019.08.16"]
[EventType "swiss"]
[EventRounds "9"]
[EventCountry "CAN"]

1. e4 c5 2. Nf3 Nc6 3. d4 cxd4 4. Nxd4 g6 5. Nc3 Bg7 6. Be3 Nf6 7. Be2 d6 8.
Nb3 O-O 9. f4 a6 10. Bf3 Bd7 11. O-O Rc8 12. Qe1 b5 13. a3 Be6 14. Qf2 Nd7 15.
Nd4 Nc5 16. Rfd1 Nxd4 17. Bxd4 Bxd4 18. Rxd4 Qc7 19. Re1 Nd7 20. f5 Bc4 21. Nd1
f6 22. fxg6 hxg6 23. Bg4 Rb8 24. Bxd7 Qxd7 25. Ne3 Be6 26. Nd5 Kg7 27. Nf4 Rh8
28. e5 fxe5 29. Rxe5 dxe5 30. Rxd7 Bxd7 31. Qc5 1/2-1/2

[Event "NAYCC U16"]
[Site "Kingston CAN"]
[Date "2019.08.19"]
[Round "8.163"]
[White "Du, Daniel"]
[Black "Chen, Andrew"]
[Result "1-0"]
[WhiteElo "1696"]
[BlackElo "2034"]
[PlyCount "123"]
[EventDate "2019.08.16"]
[EventType "swiss"]
[EventRounds "9"]
[EventCountry "CAN"]

1. c4 Nf6 2. g3 e6 3. Bg2 Be7 4. Nc3 c5 5. d3 Nc6 6. Nf3 O-O 7. O-O d5 8. a3 d4
9. Na2 Qc7 10. Rb1 a5 11. Qc2 b6 12. Bf4 Bd6 13. Bxd6 Qxd6 14. Qd2 Bd7 15. b4
axb4 16. axb4 Ra7 17. bxc5 bxc5 18. Rb2 Rfa8 19. Rfb1 e5 20. Ng5 h6 21. Ne4
Nxe4 22. Bxe4 Re8 23. Rb7 Rxb7 24. Rxb7 Nd8 25. Ra7 Bc6 26. Ra6 Qc7 27. Qa5
Qxa5 28. Rxa5 Bxe4 29. dxe4 Ne6 30. Nc1 Rc8 31. Nd3 f6 32. Ra6 Kf7 33. Ra7+ Rc7
34. Rxc7+ Nxc7 35. Nxc5 Ne8 36. Nb3 Nd6 37. Nd2 Ke6 38. f3 Kd7 39. Kf2 Kc6 40.
f4 Kc5 41. fxe5 fxe5 42. h4 h5 43. Kf3 Nxc4 44. Nb3+ Kb4 45. Nc1 Nb2 46. g4 Kc3
47. gxh5 Kd2 48. Nb3+ Ke1 49. Nc5 Nc4 50. Nd3+ Kf1 51. Nc5 Nd2+ 52. Kg4 Kxe2
53. Kf5 Nf3 54. Kg6 d3 55. Nxd3 Kxd3 56. Kxg7 Kxe4 57. h6 Nxh4 58. h7 Nf5+ 59.
Kf6 Kf4 60. h8=Q e4 61. Qb8+ Kg4 62. Qc8 1-0

[Event "NAYCC U16"]
[Site "Kingston CAN"]
[Date "2019.08.19"]
[Round "8.164"]
[White "Xiao, Edward"]
[Black "Parsheh, Arshia"]
[Result "1/2-1/2"]
[WhiteElo "1831"]
[BlackElo "1608"]
[PlyCount "50"]
[EventDate "2019.08.16"]
[EventType "swiss"]
[EventRounds "9"]
[EventCountry "CAN"]

1. d4 Nf6 2. c4 e6 3. Nf3 d5 4. Nc3 Be7 5. cxd5 exd5 6. Bg5 O-O 7. e3 Bg4 8.
Be2 c6 9. O-O Nbd7 10. Rb1 h6 11. Bh4 Ne4 12. Bxe7 Qxe7 13. Nxe4 dxe4 14. Nd2
Bxe2 15. Qxe2 c5 16. Nb3 cxd4 17. exd4 Rfe8 18. Rfe1 Nf6 19. Nc5 Qd6 20. Rbd1
b6 21. Na4 Nd5 22. Nc3 f5 23. Nxd5 Qxd5 24. b3 Rad8 25. Qc4 g5 1/2-1/2

[Event "NAYCC U16"]
[Site "Kingston CAN"]
[Date "2019.08.19"]
[Round "8.165"]
[White "Lam, Eric"]
[Black "Wei, Daniel"]
[Result "0-1"]
[WhiteElo "1093"]
[BlackElo "1788"]
[PlyCount "118"]
[EventDate "2019.08.16"]
[EventType "swiss"]
[EventRounds "9"]
[EventCountry "CAN"]

1. d4 d5 2. Bf4 Nf6 3. Nc3 c6 4. Nf3 Bf5 5. e3 e6 6. Bd3 Bg6 7. Qe2 Bb4 8. a3
Ba5 9. b4 Bc7 10. Bxc7 Qxc7 11. e4 O-O 12. O-O a5 13. e5 Ne8 14. Na2 Bh5 15.
Qe3 Nd7 16. Ng5 h6 17. Nh7 f6 18. exf6 Nexf6 19. Nxf8 Nxf8 20. h3 Re8 21. f4 b5
22. g4 Bg6 23. Bxg6 Nxg6 24. Rae1 axb4 25. axb4 Nh8 26. g5 hxg5 27. fxg5 Ne4
28. Kg2 Nf7 29. h4 Nfd6 30. Nc3 Nf5 31. Qh3 Nxc3 32. Rxf5 Ne4 33. Re5 Qa7 34.
Rxe6 Rf8 35. R6xe4 dxe4 36. Qe6+ Kh8 37. Qxe4 Qf7 38. Re2 Qf1+ 39. Kh2 Rf4 40.
Qe8+ Rf8 41. Qh5+ Kg8 42. g6 Qf4+ 43. Kh3 Qf1+ 44. Rg2 Qh1+ 45. Kg3 Qe1+ 46.
Kh2 Rf1 47. Qh7+ Kf8 48. Qh8+ Ke7 49. Qxg7+ Kd8 50. Qh8+ Kd7 51. Kh3 Rh1+ 52.
Kg4 Qe4+ 53. Kg3 Qe3+ 54. Kg4 Qh3+ 55. Kf4 Rf1+ 56. Kg5 Rf5+ 57. Kh6 Qxh4+ 58.
Kg7 Qf6+ 59. Kg8 Qf8+ 0-1

[Event "NAYCC U16"]
[Site "Kingston CAN"]
[Date "2019.08.19"]
[Round "8.166"]
[White "Cao, Bruce"]
[Black "Ramesh, Sanjay"]
[Result "0-1"]
[WhiteElo "1359"]
[BlackElo "1531"]
[PlyCount "82"]
[EventDate "2019.08.16"]
[EventType "swiss"]
[EventRounds "9"]
[EventCountry "CAN"]

1. e4 c6 2. d4 d5 3. e5 Bf5 4. c4 e6 5. Nc3 Nd7 6. Nf3 Ne7 7. Be3 dxc4 8. Bxc4
Nb6 9. Bb3 Ned5 10. O-O Be7 11. Nxd5 cxd5 12. Rc1 O-O 13. Qd2 a5 14. a3 Qd7 15.
Rc3 a4 16. Ba2 Rac8 17. Rfc1 Qb5 18. Rc7 Rxc7 19. Rxc7 Bd8 20. Rxb7 Qa6 21. Rb8
Qa7 22. Rxd8 Rxd8 23. Nh4 Bg6 24. Qb4 Qc7 25. Bd2 Rc8 26. Bc3 Qc6 27. Nxg6 hxg6
28. Bb1 Nc4 29. g3 Rc7 30. Qb8+ Kh7 31. Qd8 Qd7 32. Qh4+ Kg8 33. Bc2 Nxa3 34.
Bxa4 Qc8 35. Kg2 Nc4 36. b3 Na3 37. Bb4 Nc2 38. Bd6 Ra7 39. Bc5 Ra8 40. Qg5
Ne1+ 41. Kh1 Qa6 0-1

[Event "NAYCC U16"]
[Site "Kingston CAN"]
[Date "2019.08.19"]
[Round "8.167"]
[White "Bilodeau-Savaria, Carl-William"]
[Black "Wang, Alex"]
[Result "1-0"]
[WhiteElo "1447"]
[BlackElo "770"]
[PlyCount "65"]
[EventDate "2019.08.16"]
[EventType "swiss"]
[EventRounds "9"]
[EventCountry "CAN"]

1. d4 Nf6 2. c4 g6 3. Nc3 Bg7 4. e4 d6 5. Nf3 O-O 6. Bd3 e5 7. d5 Nbd7 8. Be3
Nc5 9. Be2 a5 10. Bxc5 dxc5 11. O-O Nh5 12. Qd2 Bg4 13. Ne1 Nf4 14. Bd1 Qg5 15.
Kh1 f5 16. f3 Bh5 17. g3 Nh3 18. f4 exf4 19. gxf4 Qh4 20. Ng2 Bxc3 21. bxc3 Qe7
22. Bxh5 gxh5 23. Rf3 Nxf4 24. Nxf4 fxe4 25. Rg3+ Kh8 26. Ne6 Rf6 27. Rag1 Qd6
28. Qe2 h4 29. Rg7 Qe5 30. R1g5 Qxc3 31. Rxh7+ Kxh7 32. Qxe4+ Kh6 33. Qxh4# 1-0

[Event "NAYCC U16"]
[Site "Kingston CAN"]
[Date "2019.08.19"]
[Round "8.168"]
[White "Vigil, Enrique"]
[Black "Ju, Lawrence"]
[Result "0-1"]
[WhiteElo "1003"]
[BlackElo "1764"]
[PlyCount "76"]
[EventDate "2019.08.16"]
[EventType "swiss"]
[EventRounds "9"]
[EventCountry "CAN"]

1. e4 c5 2. f4 Nc6 3. Bc4 g6 4. Nf3 Bg7 5. O-O Nf6 6. e5 Ng8 7. c3 d6 8. d4 Qb6
9. d5 Na5 10. Na3 Nxc4 11. Nxc4 Qc7 12. exd6 exd6 13. Qe2+ Ne7 14. f5 Bxf5 15.
Bg5 f6 16. Bf4 O-O-O 17. b4 Nxd5 18. Nh4 Nxf4 19. Rxf4 d5 20. Nxf5 gxf5 21.
Qe6+ Kb8 22. Rxf5 Rhe8 23. Qxe8 Rxe8 24. Rxd5 cxb4 25. Nd6 Rd8 26. Rad1 Bf8 27.
Nb5 Qb6+ 28. Kf1 Rxd5 29. Rxd5 a6 30. Nd4 bxc3 31. Ne2 c2 32. g3 Bh6 33. Kg2
Qc6 34. Nf4 Bxf4 35. gxf4 Qxd5+ 36. Kh3 c1=R 37. a4 Rg1 38. a5 Qh5# 0-1